000 01050nam a2200229Ia 4500
003 IN-BaIIA
008 211028s9999 xx 000 0 eng d
020 _a978-1-58381-685-1
040 _cIIA Library
080 _a082.2:52
_bASP-404
111 _aThe Eighth Pacific Rin Conference on Stellar Astrophysics: A Tribute To Kam Ching Leung
_cMerlin Beach Hotel, Phuket
_d2009 May 5-9
_933064
245 0 _aStellar Astrophysics
_bproceedings of the the eighth pacific rin Conference on Stellar Astrophysics, a tribute to Kam Ching Leung, held in Merlin Beach Hotel, Phuket, Thailand, 5-9 May 2009
_cedited by B.Soonthornthum,S. Komonjinda and K. S Cheng
260 _aSan Francisco
_bAstronomical Society of the Pacific
_c2009
300 _a[various pagings.]
650 _aBinary Stars - congresses
_931866
650 _aStellar Astrophysics - congresses
_932981
650 _aSuperNovae - congresses
_930773
700 _aCheng, K. S., ed.
_922910
700 _aKomonjinda, S., ed.
_933065
700 _aSoonthornthum, B., ed.
_933066
942 _cBK
999 _c17498
_d17498